000 00278nam a2200133 i 4500
001 bg
245 0 _aKolebanija molekul.
250 _aWyd.2 przer.
260 _aMoskwa,
_c1972.
040 _cBPK
041 _apol
942 _cKS
008 s pl f |000 0 pol
999 _c15497
_d15497
856 _uhttp://koha.tu.koszalin.pl/cgi-bin/koha/opac-detail.pl?biblionumber=15497
_yKatalog online BPK